000 00732nam a22002417a 4500
001 0137
003 DO-SdBNP
005 20151119113310.0
007 0137
008 151005b1997 xxu 00| 0 spa d
020 _a0673811441
040 _aBPMSU
_bspa
_cBPMSU
092 _aXXXX
_bXXXX
245 0 3 _aIn your wildest dreams
_bimagination at work /
260 _aIllinois, Estados Unidos :
_bScott Foresman,
_c1997.
300 _a128 p. :
_bil., retrs.
_c26 cm.
500 _aLibro en ingles
505 1 _tIntroducción --
_tJóvenes depredadores --
_tAves --
_tHechos para correr --
_tLa lucha por la vida --
_tEl vínculo materno --
521 1 _aA partir de los 12 años
910 _a202
942 _2ddc
_cBK
956 _aYngrid Lockward
999 _c8814
_d8814